[Event "ICS rated blitz match"]
[Site "204.178.125.65"]
[Date "2000.11.25"]
[Round "?"]
[White "Amateur"]
[Black "Hossa"]
[Result "1-0"]
[WhiteElo "2580"]
[BlackElo "2565"]
[PlyCount "79"]
[EventDate "2000.??.??"]

1. e4 c6 2. d4 d5 3. Nc3 dxe4 4. Nxe4 Nd7 5. Bc4 Ngf6 6. Ng5 e6 7. Qe2 Nb6 8.
Bd3 h6 9. N5f3 c5 10. dxc5 Bxc5 11. Ne5 Nbd7 12. Ngf3 Nxe5 13. Nxe5 O-O 14. O-O
b6 15. Rd1 Qe7 16. Be3 Bb7 17. Rd2 Bd6 18. Bf4 Rfd8 19. Rad1 Nd5 20. Bg3 a6 21.
Be4 b5 22. Qh5 Qc7 23. Rd3 g6 24. Nxg6 Qxc2 25. Qxh6 f5 26. Qh8+ Kf7 27. Qh7+
Ke8 28. Rxd5 Qxd1+ 29. Rxd1 Bf8 30. Bd3 Rd5 31. Qg8 f4 32. Qxe6+ Kd8 33. Qb6+
Ke8 34. Re1+ Kf7 35. Qxb7+ Kg8 36. Qxd5+ Kg7 37. Qxa8 Bb4 38. Qh8+ Kf7 39. Qh7+
Kf6 40. Bh4# {Hossa checkmated} 1-0

[Event "ICS rated bullet match"]
[Site "204.178.125.65"]
[Date "2000.11.25"]
[Round "?"]
[White "Hossa"]
[Black "MzBoop"]
[Result "1-0"]
[WhiteElo "2600"]
[BlackElo "2012"]
[PlyCount "53"]
[EventDate "2000.??.??"]

1. d4 d6 2. e4 g6 3. Nc3 Bg7 4. f4 c6 5. Nf3 b5 6. Bd3 a6 7. O-O Nd7 8. a4 b4
9. Ne2 c5 10. c3 bxc3 11. bxc3 e6 12. Rb1 Ne7 13. Ba3 O-O 14. e5 dxe5 15. fxe5
Nd5 16. Qc1 cxd4 17. Bxf8 Qxf8 18. cxd4 Qe7 19. Qc6 N7b6 20. Rxb6 Nxb6 21. Qxb6
Bd7 22. Be4 Rc8 23. Qxa6 Qd8 24. Qa7 h6 25. Nd2 Bc6 26. Qxf7+ Kh7 27. Qxg6+ {
MzBoop resigns} 1-0

[Event "ICS rated blitz match"]
[Site "204.178.125.65"]
[Date "2000.11.25"]
[Round "?"]
[White "Hossa"]
[Black "Fredrik"]
[Result "1-0"]
[WhiteElo "2551"]
[BlackElo "2088"]
[PlyCount "113"]
[EventDate "2000.??.??"]

1. d4 d5 2. e3 e6 3. Bd3 Nf6 4. f4 Bd6 5. Nf3 O-O 6. Nbd2 c5 7. Ne5 cxd4 8.
exd4 Nc6 9. c3 Bxe5 10. fxe5 Nd7 11. Qh5 g6 12. Qh3 Qe7 13. Nf3 f5 14. Bg5 Qf7
15. Bh6 Re8 16. Ng5 Qe7 17. O-O Nd8 18. Qf3 Nf7 19. Nxf7 Qxf7 20. Bb5 a6 21.
Bd3 b5 22. Bc2 Bb7 23. Bb3 a5 24. Rac1 a4 25. Bc2 Bc6 26. Bd3 Reb8 27. Rf2 Ra7
28. Qf4 Rab7 29. a3 Nb6 30. Rcf1 Nd7 31. Bb1 Re8 32. Ba2 Rc7 33. Bg5 Bb7 34.
Rf3 Ba6 35. R1f2 Bb7 36. Bh6 Rec8 37. Rf1 Ba6 38. Re1 Rb7 39. Rf2 Rbc7 40. g4
Re8 41. Bxd5 Ra7 42. Ba2 Nb6 43. Qg3 Kh8 44. Bg5 Nd7 45. gxf5 gxf5 46. Qe3 Rg8
47. d5 Qg6 48. Rg2 h6 49. Qxa7 hxg5 50. Qxd7 b4 51. axb4 exd5 52. Bxd5 Rg7 53.
Qxa4 Bd3 54. Re3 f4 55. Rh3+ Rh7 56. Qa8+ Kg7 57. Qg8# {Fredrik checkmated} 1-0

[Event "ICS rated blitz match"]
[Site "204.178.125.65"]
[Date "2000.11.25"]
[Round "?"]
[White "Fredrik"]
[Black "Hossa"]
[Result "0-1"]
[WhiteElo "2086"]
[BlackElo "2553"]
[PlyCount "61"]
[EventDate "2000.??.??"]

1. d4 e6 2. Nf3 c5 3. c3 d5 4. Bf4 cxd4 5. cxd4 Bd6 6. Bg3 Bxg3 7. hxg3 Nc6 8.
e3 Qb6 9. Qb3 Qxb3 10. axb3 Nb4 11. Kd2 Bd7 12. Nc3 Nf6 13. Ne5 a6 14. Be2 Rc8
15. Rhc1 Nc6 16. Nxc6 Rxc6 17. f3 Nh5 18. g4 Ng3 19. Bd3 Rb6 20. Bc2 Ke7 21.
Na4 Rc6 22. Nc5 Rc7 23. b4 Bb5 24. Bd3 Bxd3 25. Kxd3 Rb8 26. Rc2 Rbc8 27. Rac1
Rc6 28. b3 b6 29. Nxa6 Ne2 30. Rxc6 Nxc1+ 31. Rxc1 {Fredrik resigns} 0-1

[Event "ICS rated blitz match"]
[Site "204.178.125.65"]
[Date "2000.11.25"]
[Round "?"]
[White "Hossa"]
[Black "Amateur"]
[Result "1-0"]
[WhiteElo "2555"]
[BlackElo "2551"]
[PlyCount "113"]
[EventDate "2000.??.??"]

1. d4 d6 2. e4 Nf6 3. Nc3 e5 4. dxe5 Nfd7 5. exd6 Bxd6 6. Nf3 O-O 7. Bg5 Be7 8.
Qd2 Ne5 9. Bxe7 Nxf3+ 10. gxf3 Qxe7 11. O-O-O Nc6 12. Nd5 Qe5 13. Rg1 Qxh2 14.
Qg5 g6 15. Nf6+ Kh8 16. Rg2 Qh1 17. Bb5 Qh3 18. Bxc6 bxc6 19. Qf4 Kg7 20. Rh2
Qxh2 21. Qxh2 Kxf6 22. Qxh7 Be6 23. Qh4+ Kg7 24. Qf4 Rfc8 25. Rh1 Rab8 26. Qe5+
Kf8 27. Rh8+ Ke7 28. Qc5+ Kd7 29. Qd4+ Ke7 30. Rxc8 Rxc8 31. Qxa7 Bh3 32. a4
Bg2 33. Qc5+ Kd7 34. Qd4+ Ke7 35. Qe5+ Kd7 36. Qf4 Ke8 37. Qg4 Ra8 38. Qxg2
Rxa4 39. Qg3 Ra1+ 40. Kd2 Rf1 41. Kc3 Kf8 42. Qxc7 Kg7 43. Qe5+ Kg8 44. Qc5 Kh7
45. Qc4 Rxf2 46. Qxf7+ Kh6 47. Qf8+ Kh7 48. Qe7+ Kg8 49. Qd8+ Kf7 50. Qc7+ Kf6
51. Qxc6+ Kg7 52. Qc7+ Kh6 53. Qg3 Re2 54. Kd3 Rxe4 55. Qh2+ Kg7 56. Qc7+ Kg8
57. Kxe4 {Amateur resigns} 1-0

[Event "ICS rated blitz match"]
[Site "204.178.125.65"]
[Date "2000.11.25"]
[Round "?"]
[White "Tinker"]
[Black "Hossa"]
[Result "0-1"]
[WhiteElo "2487"]
[BlackElo "2571"]
[PlyCount "116"]
[EventDate "2000.??.??"]

1. e4 c6 2. d4 d5 3. Nc3 dxe4 4. Nxe4 Nd7 5. Nf3 Ndf6 6. Neg5 h6 7. Nh3 Bxh3 8.
gxh3 e6 9. Bd3 Bd6 10. Rg1 g6 11. c4 Ne7 12. Qb3 Qb6 13. Qxb6 axb6 14. Bd2
O-O-O 15. O-O-O Nh5 16. Kb1 Nf4 17. Bf1 Nf5 18. Re1 c5 19. d5 Ng7 20. Bc3 Rh7
21. Ne5 Nf5 22. Bd2 Nh5 23. Nf3 exd5 24. cxd5 Ne7 25. Bc4 Nf6 26. h4 Nfxd5 27.
h5 gxh5 28. h4 f6 29. Re6 Bc7 30. Bb5 Nc6 31. Rge1 Ne5 32. Nxe5 Bxe5 33. Bd3
Rg7 34. Bf5 Kc7 35. Be4 Rg4 36. Bxh6 Rd6 37. Re8 Rxh4 38. Bf5 Rd8 39. Rxd8 Kxd8
40. Be4 Nf4 41. Bxb7 Nd3 42. Re2 Kc7 43. Ba8 Bd4 44. Be3 Rh2 45. Bf3 h4 46.
Bxd4 cxd4 47. Rd2 Ne5 48. Rc2+ Kd6 49. Bb7 d3 50. Rd2 Kc5 51. Kc1 Kd4 52. b3
Kc3 53. Be4 h3 54. a4 Rg2 55. Rd1 d2+ 56. Kb1 Rxf2 57. Rh1 h2 58. Rd1 Re2 {
Tinker resigns} 0-1

[Event "ICS rated blitz match"]
[Site "204.178.125.65"]
[Date "2000.11.25"]
[Round "?"]
[White "Hossa"]
[Black "Tinker"]
[Result "0-1"]
[WhiteElo "2583"]
[BlackElo "2475"]
[PlyCount "114"]
[EventDate "2000.??.??"]

1. d4 Nf6 2. c4 e6 3. Nf3 d5 4. Nc3 Be7 5. Bg5 h6 6. Bh4 O-O 7. e3 b6 8. cxd5
Nxd5 9. Bxe7 Qxe7 10. Bd3 Nxc3 11. bxc3 Bb7 12. O-O Nd7 13. e4 e5 14. Qc2 Rfe8
15. Rfd1 exd4 16. cxd4 Nf6 17. Nd2 c5 18. d5 Nd7 19. Bb5 a6 20. Bxd7 Qxd7 21.
Nc4 Qc7 22. f3 Bc8 23. Qc3 b5 24. d6 Qa7 25. Ne3 Be6 26. e5 a5 27. Qb2 c4 28.
Qf2 Bd7 29. f4 f6 30. Qg3 h5 31. Re1 fxe5 32. fxe5 Qc5 33. Qf3 Bc6 34. Qxh5
Rxe5 35. Qh3 Rae8 36. Qg3 Rxe3 37. Rxe3 Qxe3+ 38. Qxe3 Rxe3 39. Rd1 Bd7 40. Kf2
Re6 41. Kf3 c3 42. Rd3 b4 43. Rd1 Ba4 44. Rc1 Rxd6 45. Ke3 c2 46. h4 Rd1 47.
Rxc2 Bxc2 48. g4 a4 49. h5 b3 50. axb3 axb3 51. g5 Rd3+ 52. Kf4 b2 53. h6 b1=Q
54. Kf5 Qf1+ 55. Ke5 Qe1+ 56. Kf4 Qg3+ 57. Kf5 Re3# {Hossa checkmated} 0-1

[Event "ICS rated blitz match"]
[Site "204.178.125.65"]
[Date "2000.11.25"]
[Round "?"]
[White "Tinker"]
[Black "Hossa"]
[Result "1-0"]
[WhiteElo "2496"]
[BlackElo "2562"]
[PlyCount "161"]
[EventDate "2000.??.??"]

1. e4 c6 2. d4 d5 3. Nc3 dxe4 4. Nxe4 Nd7 5. Nf3 Ndf6 6. Neg5 h6 7. Nh3 Bxh3 8.
gxh3 e6 9. Bd3 Bd6 10. Rg1 g6 11. Rg2 Ne7 12. Kf1 Ned5 13. Ne5 Qc7 14. Qe2
O-O-O 15. Bd2 Kb8 16. c4 Nb4 17. Nxf7 Qxf7 18. Bxg6 Qf8 19. c5 Nbd5 20. cxd6
Rxd6 21. Qf3 Rg8 22. Re1 Ka8 23. Rg3 Rh8 24. Bd3 h5 25. Re5 Ne7 26. Bg5 Ned5
27. Qg2 Nd7 28. Re4 N7b6 29. Be2 Qf7 30. Kg1 Rd7 31. Kh1 Nc8 32. Rf3 Qg6 33.
Bd3 Qe8 34. Bd2 Rf7 35. Re5 Rxf3 36. Qxf3 Ncb6 37. Be2 h4 38. Qg4 Nd7 39. Rxe6
Qf7 40. Qg6 Qf8 41. Qg4 Qf7 42. Bf3 Rg8 43. Qe4 N7f6 44. Qf5 Qg7 45. Re1 Ne7
46. Qf4 Ng6 47. Qg5 Qf7 48. Qf5 Ne7 49. Qe6 Rg7 50. Qxf7 Rxf7 51. Bg5 a6 52.
Re5 Nfd5 53. Bxd5 Nxd5 54. Bxh4 Rf4 55. Bg3 Rxd4 56. Re8+ Ka7 57. Be5 Rd2 58.
a3 b5 59. h4 b4 60. h5 bxa3 61. bxa3 Rd3 62. Kg2 Nb6 63. Re7+ Rd7 64. Rxd7+
Nxd7 65. Bg7 c5 66. h6 Nb6 67. h7 Kb7 68. h8=Q Kc6 69. Qe8+ Kc7 70. Bc3 Kb7 71.
Qe4+ Kc7 72. Ba5 Kd7 73. Qb7+ Kd6 74. Bxb6 a5 75. a4 c4 76. f4 c3 77. Qc7+ Kd5
78. Qd7+ Ke4 79. Kg3 c2 80. Kg4 c1=Q 81. Qf5# {Hossa checkmated} 1-0

[Event "ICS Rated standard match"]
[Site "204.178.125.65"]
[Date "2000.11.25"]
[Round "?"]
[White "Hossa"]
[Black "Valg"]
[Result "0-1"]
[WhiteElo "2316"]
[BlackElo "2352"]
[PlyCount "110"]
[EventDate "2000.??.??"]

1. c4 Nf6 2. Nc3 g6 3. e4 d6 4. d4 Bg7 5. f4 O-O 6. Nf3 c5 7. d5 e6 8. Be2 exd5
9. cxd5 Bg4 10. O-O Nbd7 11. h3 Bxf3 12. Bxf3 Re8 13. Re1 a6 14. g3 Qe7 15. Be3
Rad8 16. Qc2 b5 17. Bf2 h6 18. a3 Rc8 19. Qd2 Rcd8 20. Qd3 Rc8 21. Qe2 Nh7 22.
Qd3 c4 23. Qd2 Nc5 24. Bxc5 Rxc5 25. Rab1 Rcc8 26. Qf2 Qf6 27. Rbd1 Rb8 28. Qa7
Ra8 29. Qb6 Qd8 30. Qf2 Rb8 31. Rb1 a5 32. Ne2 Qb6 33. Qxb6 Rxb6 34. Rec1 Nf6
35. Nc3 b4 36. axb4 axb4 37. Na4 Ra6 38. e5 Nh7 39. Bd1 dxe5 40. Rxc4 exf4 41.
Rxb4 fxg3 42. Kg2 Rd6 43. Bb3 f5 44. Kxg3 Ng5 45. Rh1 Re2 46. Rb8+ Kh7 47. Rb7
f4+ 48. Kh4 Nf3+ 49. Kg4 Ne5+ 50. Kh4 h5 51. Rf1 Rg2 52. Bc2 Kh6 53. Rxg7 Kxg7
54. Bxg6 Nxg6+ 55. Kxh5 Rxd5# {Hossa checkmated} 0-1

[Event "ICS rated blitz match"]
[Site "204.178.125.65"]
[Date "2000.11.25"]
[Round "?"]
[White "Hossa"]
[Black "Mus"]
[Result "1-0"]
[WhiteElo "2543"]
[BlackElo "1985"]
[PlyCount "51"]
[EventDate "2000.??.??"]

1. e4 e6 2. d4 d5 3. Nd2 c5 4. exd5 exd5 5. Ngf3 Nc6 6. Bb5 Nf6 7. O-O Be7 8.
dxc5 Bxc5 9. Re1+ Be7 10. Ne5 Bd7 11. Nxd7 Qxd7 12. Nf3 Rc8 13. Ne5 Qd8 14. c3
O-O 15. Bxc6 bxc6 16. Qa4 Qc7 17. Qxc6 Qxc6 18. Nxc6 Bc5 19. Ne7+ Bxe7 20. Rxe7
a5 21. f3 Rfe8 22. Ra7 Ra8 23. Rxa8 Rxa8 24. Bg5 Ne8 25. Rd1 f6 26. Be3 {
Mus resigns} 1-0

[Event "ICS rated standard match"]
[Site "204.178.125.65"]
[Date "2000.11.25"]
[Round "?"]
[White "Tinker"]
[Black "Hossa"]
[Result "1/2-1/2"]
[WhiteElo "2373"]
[BlackElo "2302"]
[PlyCount "142"]
[EventDate "2000.??.??"]

1. e4 e5 2. Nf3 Nc6 3. Bb5 f5 4. Nc3 fxe4 5. Nxe4 d5 6. Nxe5 dxe4 7. Nxc6 Qd5
8. c4 Qd6 9. Nxa7+ Bd7 10. Bxd7+ Qxd7 11. Qh5+ g6 12. Qe5+ Kf7 13. Nb5 Nf6 14.
Qxc7 Qxc7 15. Nxc7 Rc8 16. Nd5 Nxd5 17. cxd5 Ke7 18. O-O Kd6 19. d3 Kxd5 20.
dxe4+ Kxe4 21. Rd1 Rc2 22. Rd7 Bc5 23. Bd2 g5 24. b4 Ba7 25. a4 Kf5 26. Rd1 Rb8
27. Rxh7 Kg6 28. Rd7 g4 29. Kf1 Ra2 30. a5 Rf8 31. Rxb7 Rxf2+ 32. Ke1 Be3 33.
Rd7 Rxg2 34. Bxe3 Rge2+ 35. Kf1 Rxe3 36. R7d6+ Kf5 37. R1d5+ Ke4 38. Rd4+ Kf5
39. R6d5+ Ke6 40. Rd2 Rxd2 41. Rxd2 Rb3 42. Rd4 Kf5 43. a6 Rb1+ 44. Ke2 Rb2+
45. Kd3 Rxh2 46. a7 Rh8 47. Rxg4 Kxg4 48. b5 Rd8+ 49. Kc4 Rc8+ 50. Kb4 Kg5 51.
b6 Rf8 52. b7 Rf4+ 53. Kc3 Rf3+ 54. Kd2 Rf2+ 55. Ke3 Rf7 56. Ke4 Rf4+ 57. Ke3
Rf7 58. Ke4 Rf4+ 59. Kd3 Rf3+ 60. Ke2 Rf7 61. Ke3 Kg4 62. Kd4 Rd7+ 63. Kc5 Rf7
64. Kc6 Rf6+ 65. Kd5 Rf7 66. Kc6 Rf6+ 67. Kb5 Rf5+ 68. Kc4 Rf4+ 69. Kd3 Rf3+
70. Ke2 Rf7 71. Ke3 Kg5 {Game drawn by repetition} 1/2-1/2

[Event "ICS rated standard match"]
[Site "204.178.125.65"]
[Date "2000.11.25"]
[Round "?"]
[White "Amateur"]
[Black "Hossa"]
[Result "1/2-1/2"]
[WhiteElo "2369"]
[BlackElo "2305"]
[PlyCount "51"]
[EventDate "2000.??.??"]

1. e4 e5 2. Nf3 Nc6 3. Bb5 a6 4. Ba4 Nf6 5. O-O Be7 6. Re1 b5 7. Bb3 d6 8. c3
O-O 9. h3 Na5 10. Bc2 c5 11. d4 Qc7 12. Nbd2 cxd4 13. cxd4 Bb7 14. Re3 Rac8 15.
Rc3 Qb6 16. d5 Rxc3 17. bxc3 Qc7 18. Bb2 Rc8 19. a4 bxa4 20. Rxa4 Nd7 21. Qa1
Bd8 22. c4 Nc5 23. Ra3 Nd7 24. Ra4 Nc5 25. Ra3 Nd7 26. Ra4 {
Game drawn by repetition} 1/2-1/2

[Event "ICS rated standard match"]
[Site "204.178.125.65"]
[Date "2000.11.25"]
[Round "?"]
[White "Hossa"]
[Black "PostModernist"]
[Result "1-0"]
[WhiteElo "2308"]
[BlackElo "2400"]
[PlyCount "149"]
[EventDate "2000.??.??"]

1. e4 c5 2. c3 e6 3. d4 Nf6 4. e5 Nd5 5. Nf3 cxd4 6. cxd4 b6 7. Bb5 Ba6 8. Bxa6
Nxa6 9. Nc3 Nxc3 10. bxc3 Be7 11. O-O O-O 12. Be3 d5 13. exd6 Qxd6 14. Qd3 Nc5
15. Qc2 Nd7 16. c4 Rac8 17. Qe2 Qc7 18. Rac1 Rfd8 19. Rc2 Nf6 20. Ne5 h6 21.
Re1 Bd6 22. Bf4 Nd7 23. Nxf7 Bxf4 24. Nxd8 Rxd8 25. g3 Bd6 26. Qxe6+ Kh8 27.
Qg6 Nf6 28. Re6 Rf8 29. Re3 Qd7 30. Rce2 Qc8 31. Qc2 Qh3 32. f3 Rc8 33. Qa4 Rc7
34. Qb5 Bf8 35. Rd2 h5 36. Rde2 Rc8 37. Re5 Rd8 38. R2e4 Qd7 39. Qxd7 Rxd7 40.
Rh4 Bd6 41. Re3 g5 42. Rh3 Bb4 43. Re6 Kg7 44. d5 b5 45. Re5 Kg6 46. cxb5 Rxd5
47. Rxd5 Nxd5 48. Kf1 Be7 49. Ke1 Bf6 50. g4 h4 51. f4 gxf4 52. Ra3 Bd4 53. Kd2
Kf6 54. Kd3 Bc5 55. Rb3 f3 56. Ke4 f2 57. Rf3+ Ke6 58. g5 Ne7 59. a4 h3 60.
Rf6+ Kd7 61. Rf7 Kc7 62. a5 Kd6 63. Rf6+ Kd7 64. Rf3 Ng6 65. Kd5 Be3 66. Ke4
Nh4 67. Rf7+ Ke8 68. Kxe3 Kxf7 69. Kxf2 Nf5 70. b6 axb6 71. a6 b5 72. a7 Kg6
73. a8=Q Kxg5 74. Qb7 Kg4 75. Qxb5 {PostModernist resigns} 1-0

[Event "ICS rated blitz match"]
[Site "204.178.125.65"]
[Date "2000.11.25"]
[Round "?"]
[White "Younis-T"]
[Black "Hossa"]
[Result "0-1"]
[WhiteElo "1967"]
[BlackElo "2544"]
[PlyCount "74"]
[EventDate "2000.??.??"]

1. e4 e5 2. Nf3 Nc6 3. Bc4 Be7 4. Nc3 Nf6 5. d3 O-O 6. Bg5 d6 7. h3 Na5 8. Bb3
Nxb3 9. axb3 Be6 10. Qd2 c6 11. g4 a5 12. Ne2 Qc7 13. Ng3 d5 14. Qe2 dxe4 15.
dxe4 Bb4+ 16. c3 Be7 17. Nd2 b6 18. Nf5 Bd8 19. h4 Qb8 20. h5 Ra7 21. Be3 Ne8
22. g5 Bxf5 23. exf5 Qc8 24. Qf3 f6 25. g6 h6 26. Rd1 Rb7 27. Ne4 Be7 28. Qe2
Nc7 29. O-O Qxf5 30. Nd6 Bxd6 31. Rxd6 Nd5 32. Rxc6 Rd8 33. Rd1 Rbd7 34. Rc4
Nf4 35. Rxf4 Rxd1+ 36. Kg2 exf4 37. Qc4+ R8d5 {Younis-T resigns} 0-1

[Event "ICS rated blitz match"]
[Site "204.178.125.65"]
[Date "2000.11.25"]
[Round "?"]
[White "Hossa"]
[Black "DersuUzala"]
[Result "1-0"]
[WhiteElo "2545"]
[BlackElo "2281"]
[PlyCount "35"]
[EventDate "2000.??.??"]

1. e4 c5 2. c3 d5 3. exd5 Qxd5 4. d4 Nf6 5. Nf3 Bg4 6. Qa4+ Nc6 7. Bc4 Qd7 8.
dxc5 Bxf3 9. gxf3 e5 10. Be3 Be7 11. Nd2 O-O 12. O-O-O Qc7 13. Ne4 Nxe4 14.
fxe4 b6 15. Bd5 Rfc8 16. cxb6 axb6 17. Qxc6 Qxc6 18. Bxc6 {DersuUzala resigns}
1-0

[Event "ICS rated blitz match"]
[Site "204.178.125.65"]
[Date "2000.11.25"]
[Round "?"]
[White "Hossa"]
[Black "Amateur"]
[Result "1-0"]
[WhiteElo "2551"]
[BlackElo "2557"]
[PlyCount "141"]
[EventDate "2000.??.??"]

1. e4 Nf6 2. e5 Nd5 3. d4 d6 4. Nf3 dxe5 5. Nxe5 g6 6. Bc4 c6 7. O-O Bg7 8. Re1
O-O 9. Bb3 Nd7 10. Ng4 N7f6 11. Nh6+ Kh8 12. Bg5 Be6 13. c3 Qc7 14. Qc1 c5 15.
Na3 Rad8 16. c4 Nb4 17. Nb5 Qa5 18. Rd1 a6 19. d5 Bxd5 20. cxd5 Qxb5 21. d6
exd6 22. Nxf7+ Rxf7 23. Bxf7 Rf8 24. Bc4 Qd7 25. Be3 Qe7 26. a3 Nc6 27. f3 b5
28. Ba2 Nh5 29. Re1 Nd4 30. Qd2 Qf6 31. Bg5 Qxf3 32. gxf3 Nxf3+ 33. Kh1 Nxd2
34. Bxd2 Bxb2 35. Rad1 Ng7 36. Re7 Ra8 37. Rb1 Bd4 38. Bd5 Nf5 39. Bxa8 Nxe7
40. Bb7 c4 41. Bb4 c3 42. Rc1 Be5 43. Bxc3 Bxc3 44. Rxc3 a5 45. Rb3 b4 46. axb4
axb4 47. Rxb4 Kg7 48. Rb6 Nf5 49. Be4 Kf6 50. Bxf5 Kxf5 51. Rxd6 Ke5 52. Rd3
Kf5 53. Kg2 Kf4 54. h4 Ke5 55. h5 gxh5 56. Rh3 Kf6 57. Rxh5 Kg6 58. Rh4 Kg7 59.
Rf4 Kg6 60. Rf3 Kg5 61. Kg3 Kg6 62. Kg4 Kh6 63. Kf5 Kg7 64. Kg5 h6+ 65. Kh5 Kh7
66. Rf7+ Kg8 67. Kg6 h5 68. Rf4 h4 69. Rxh4 Kf8 70. Re4 Kg8 71. Re8# {
Amateur checkmated} 1-0

[Event "ICS rated blitz match"]
[Site "204.178.125.65"]
[Date "2000.11.25"]
[Round "?"]
[White "Amateur"]
[Black "Hossa"]
[Result "1-0"]
[WhiteElo "2541"]
[BlackElo "2567"]
[PlyCount "135"]
[EventDate "2000.??.??"]

1. e4 e5 2. Nf3 Nc6 3. Bb5 f5 4. Nc3 fxe4 5. Nxe4 d5 6. Nxe5 dxe4 7. Nxc6 Qd5
8. c4 Qd6 9. Qh5+ g6 10. Nxa7+ c6 11. Nxc8 Rxc8 12. Qh3 Ra8 13. Qb3 Qb4 14.
Qxb4 Bxb4 15. b3 Nf6 16. Ba4 O-O 17. h3 Nd7 18. a3 Bc5 19. O-O Ne5 20. Rb1 Nd3
21. Bb2 Bxf2+ 22. Kh1 Rfb8 23. c5 Bxc5 24. b4 Rxa4 25. bxc5 Nxc5 26. Bc3 Nd3
27. Rf6 Ra6 28. Rd6 b5 29. Rd7 Rba8 30. Rg7+ Kf8 31. Rf1+ Ke8 32. Rxh7 R6a7 33.
Rh6 Rxa3 34. Rxg6 R3a4 35. Rxc6 b4 36. Bg7 Kd7 37. Rc4 b3 38. Rxa4 Rxa4 39. Rb1
Rb4 40. g4 b2 41. Kg2 Ke6 42. Bc3 Rb8 43. h4 Kd5 44. h5 Nf4+ 45. Kf1 Nd3 46. h6
Rf8+ 47. Kg2 Rf2+ 48. Kg3 Rf3+ 49. Kh4 Rf2 50. g5 Rg2 51. Bxb2 Ke6 52. Bc3 Kd5
53. Ba5 Ne5 54. Rb5+ Ke6 55. Rxe5+ Kxe5 56. Bc7+ Ke6 57. h7 e3 58. h8=Q exd2
59. Qd4 Rf2 60. Qxf2 d1=Q 61. Qf6+ Kd7 62. Qd8+ Kc6 63. Qxd1 Kc5 64. g6 Kc4 65.
g7 Kb5 66. g8=Q Ka6 67. Qgd5 Ka7 68. Qa1# {Hossa checkmated} 1-0

[Event "ICS rated blitz match"]
[Site "204.178.125.65"]
[Date "2000.11.25"]
[Round "?"]
[White "vic-1952"]
[Black "Hossa"]
[Result "0-1"]
[WhiteElo "1988"]
[BlackElo "2550"]
[PlyCount "58"]
[EventDate "2000.??.??"]

1. e4 e5 2. Nf3 Nc6 3. Bb5 a6 4. Ba4 Nf6 5. O-O Be7 6. Re1 b5 7. Bb3 d6 8. c3
O-O 9. h3 Na5 10. Bc2 c5 11. d4 Qc7 12. Nbd2 cxd4 13. cxd4 Bb7 14. d5 Rac8 15.
Bd3 Nd7 16. Nf1 f5 17. exf5 Bxd5 18. Ne3 Bc6 19. Bd2 e4 20. Nd4 exd3 21. Ne6
Qb6 22. Qg4 Rf7 23. Rac1 Bf6 24. Nd5 Qb7 25. Ndf4 Nc4 26. Rxc4 bxc4 27. Ng5
Bxg5 28. Qxg5 Qxb2 29. Ne6 h6 {vic-1952 resigns} 0-1

[Event "ICS rated bullet match"]
[Site "204.178.125.65"]
[Date "2000.11.25"]
[Round "?"]
[White "Hossa"]
[Black "WinChesser"]
[Result "1-0"]
[WhiteElo "2602"]
[BlackElo "2034"]
[PlyCount "51"]
[EventDate "2000.??.??"]

1. e4 Nf6 2. e5 Nd5 3. d4 d6 4. Nf3 g6 5. Be2 Bg7 6. c4 Nb6 7. exd6 cxd6 8. h3
Nc6 9. d5 Ne5 10. Nxe5 Bxe5 11. Nc3 Bg7 12. Be3 O-O 13. Qd2 Bf5 14. Bh6 Rc8 15.
b3 a6 16. Bxg7 Kxg7 17. O-O h6 18. a3 g5 19. f4 f6 20. fxg5 fxg5 21. h4 g4 22.
Qd4+ Kh7 23. Rxf5 Rxf5 24. Bd3 Qd7 25. Rf1 Rcf8 26. Qxg4 {WinChesser resigns}
1-0

[Event "ICS rated blitz match"]
[Site "204.178.125.65"]
[Date "2000.11.25"]
[Round "?"]
[White "Hossa"]
[Black "amharic"]
[Result "1-0"]
[WhiteElo "2553"]
[BlackElo "2057"]
[PlyCount "31"]
[EventDate "2000.??.??"]

1. e4 c5 2. c3 Nf6 3. e5 Nd5 4. d4 e6 5. Nf3 d6 6. dxc5 dxc5 7. Bd3 Nc6 8. O-O
Be7 9. Na3 O-O 10. Qc2 h6 11. Rd1 a6 12. c4 Ndb4 13. Bh7+ Kh8 14. Rxd8 Nxc2 15.
Rxf8+ Bxf8 16. Bxc2 {amharic resigns} 1-0

[Event "ICS rated blitz match"]
[Site "204.178.125.65"]
[Date "2000.11.25"]
[Round "?"]
[White "amharic"]
[Black "Hossa"]
[Result "0-1"]
[WhiteElo "2055"]
[BlackElo "2555"]
[PlyCount "74"]
[EventDate "2000.??.??"]

1. e4 e5 2. Nf3 Nc6 3. Bb5 a6 4. Ba4 Nf6 5. O-O Be7 6. Re1 b5 7. Bb3 d6 8. c3
O-O 9. d4 Bg4 10. d5 Na5 11. Bc2 c6 12. h3 Bc8 13. dxc6 Qc7 14. Nbd2 Qxc6 15.
Nf1 Nc4 16. Ng3 Re8 17. a4 Be6 18. Qe2 Nd7 19. axb5 axb5 20. Rxa8 Rxa8 21. Nd2
Nc5 22. Nxc4 bxc4 23. f4 Bh4 24. Qf3 Qb6 25. Kh2 exf4 26. Qxf4 Bf6 27. Qf2 Be5
28. Kh1 Qb7 29. Nf5 Nd3 30. Bxd3 cxd3 31. Nd4 Bc4 32. Be3 Qxe4 33. b3 Bd5 34.
c4 Bb7 35. Nf5 Bc3 36. Rd1 Bb4 37. Bf4 Qxf5 {amharic resigns} 0-1

[Event "ICS rated blitz match"]
[Site "204.178.125.65"]
[Date "2000.11.25"]
[Round "?"]
[White "Hossa"]
[Black "amharic"]
[Result "1-0"]
[WhiteElo "2557"]
[BlackElo "2053"]
[PlyCount "67"]
[EventDate "2000.??.??"]

1. e4 c5 2. c3 d6 3. d4 cxd4 4. cxd4 e6 5. Nc3 Nf6 6. Nf3 Be7 7. Bd3 O-O 8. O-O
Nc6 9. Bg5 h6 10. Bf4 Re8 11. Rc1 Bf8 12. Bb5 Bd7 13. Qe2 a6 14. Bd3 e5 15. Be3
Bg4 16. dxe5 Nxe5 17. Rfd1 Bxf3 18. gxf3 Qd7 19. Kg2 Ng6 20. f4 Nh4+ 21. Kg3
Ng6 22. e5 Nh7 23. Qc2 Qe6 24. Bf5 Qe7 25. Bxg6 fxg6 26. Rxd6 g5 27. Qg6 gxf4+
28. Bxf4 Ng5 29. Nd5 Nf7 30. Nf6+ Qxf6 31. Rxf6 Nxe5 32. Rxf8+ Kxf8 33. Qd6+
Kg8 34. Bxe5 {amharic resigns} 1-0

[Event "ICS rated blitz match"]
[Site "204.178.125.65"]
[Date "2000.11.25"]
[Round "?"]
[White "amharic"]
[Black "Hossa"]
[Result "0-1"]
[WhiteElo "2051"]
[BlackElo "2559"]
[PlyCount "52"]
[EventDate "2000.??.??"]

1. e4 e5 2. Nf3 Nc6 3. Bb5 Nf6 4. O-O Bc5 5. Bxc6 dxc6 6. d3 Qe7 7. h3 Bd7 8.
Be3 Bxe3 9. fxe3 O-O-O 10. Nc3 Kb8 11. a4 h6 12. a5 c5 13. Nd5 Nxd5 14. exd5 e4
15. dxe4 Bb5 16. Rf2 Qxe4 17. Rd2 Qxe3+ 18. Kh1 Rhe8 19. d6 Be2 20. dxc7+ Kxc7
21. Rxd8 Bxd1 22. Rxe8 Qxe8 23. Rxd1 Qa4 24. Ne5 f6 25. Rd7+ Kc8 26. Nd3 Qxd7 {
amharic resigns} 0-1

[Event "ICS rated blitz match"]
[Site "204.178.125.65"]
[Date "2000.11.25"]
[Round "?"]
[White "Hossa"]
[Black "amharic"]
[Result "1-0"]
[WhiteElo "2561"]
[BlackElo "2049"]
[PlyCount "115"]
[EventDate "2000.??.??"]

1. e4 e5 2. Nf3 Nf6 3. Nxe5 d6 4. Nf3 Nxe4 5. d4 d5 6. Bd3 Be7 7. Qe2 Bf5 8.
Nbd2 Nxd2 9. Bxf5 Nxf3+ 10. Qxf3 O-O 11. O-O Nc6 12. c3 Bf6 13. Bc2 Ne7 14. Qd3
Ng6 15. Qb5 Rb8 16. Qa5 a6 17. Re1 Qd7 18. Be3 Rfe8 19. Bxg6 hxg6 20. Bf4 Rbd8
21. Qxc7 Qxc7 22. Bxc7 Rc8 23. Rxe8+ Rxe8 24. Kf1 Re6 25. Re1 Kf8 26. Rxe6 fxe6
27. Ke2 Ke7 28. Bf4 Kf7 29. Kd3 b5 30. g4 Bh4 31. f3 Be1 32. Bg5 Bf2 33. h3 Bg3
34. f4 Bf2 35. Ke2 Bg3 36. Ke3 Be1 37. a3 Bg3 38. Kf3 Be1 39. Ke2 Bg3 40. Kd2
Bf2 41. h4 Bg3 42. Ke3 Be1 43. Ke2 Bg3 44. Kd3 Bf2 45. Kc2 Be1 46. Kb3 a5 47.
Kc2 a4 48. Kd3 Bf2 49. Ke2 Bg3 50. Ke3 Be1 51. h5 Bg3 52. hxg6+ Kxg6 53. Be7
Be1 54. Bd6 Bg3 55. f5+ exf5 56. Bxg3 fxg4 57. Kf4 Kf6 58. Kxg4 {
amharic resigns} 1-0

[Event "ICS rated blitz match"]
[Site "204.178.125.65"]
[Date "2000.11.25"]
[Round "?"]
[White "amharic"]
[Black "Hossa"]
[Result "0-1"]
[WhiteElo "2047"]
[BlackElo "2563"]
[PlyCount "74"]
[EventDate "2000.??.??"]

1. e4 e5 2. Nf3 Nc6 3. Bb5 a6 4. Bxc6 dxc6 5. d4 exd4 6. Qxd4 Qxd4 7. Nxd4 Bd7
8. Be3 O-O-O 9. Nd2 c5 10. Ne2 Nf6 11. O-O-O Ng4 12. Nf1 Be7 13. h4 Bb5 14. Re1
Kb8 15. f3 Nxe3 16. Nxe3 Bc6 17. Nf5 Bf6 18. Nf4 Bd7 19. Nh5 Be5 20. Nhxg7 Rhg8
21. Nh5 Rxg2 22. Rd1 Rg6 23. Ne7 Rh6 24. f4 Bd6 25. e5 Bxe7 26. Ng7 Rxh4 27.
Rxh4 Bxh4 28. f5 Bc6 29. Rxd8+ Bxd8 30. e6 Bd5 31. b3 Kc8 32. c4 Bg5+ 33. Kc2
Be4+ 34. Kd1 fxe6 35. fxe6 Kd8 36. Ke2 Bg6 37. Kf3 Bf6 {amharic resigns} 0-1